| 000 | 003550000a22001570004500 | ||
|---|---|---|---|
| 001 | 002071 | ||
| 003 | MACL | ||
| 040 | _aMACL | ||
| 090 |
_c14064 _d14063 |
||
| 100 | _aMukherjri, Meenakshi | ||
| 245 |
_aThe Twice Born Fiction _cMeenakshi Mukherjri |
||
| 260 |
_aPencraft International, _c2001 |
||
| 350 | _a350 | ||
| 650 | _a Fiction | ||
| 942 |
_k823 _cBook |
||
| 999 |
_c13987 _d13987 |
||